LEADER 01537nam2-2200433---450- 001 990003356840203316 005 20091217150608.0 010 $a9788834885246 035 $a000335684 035 $aUSA01000335684 035 $a(ALEPH)000335684USA01 035 $a000335684 100 $a20091210d2009----km-y0itay0103----ba 101 $aita 102 $aIT 105 $a||||||||001yy 200 1 $a<> <> esecuzione forzata, i procedimenti sommari, cautelari e possessori, il nuovo procedimento sommario cognitorio, la giurisdizione volontaria 205 $a20. ed. 210 $aTorino$cGiappichelli$d2009 215 $a462 p.$d24 cm 410 0$12001 454 1$12001 461 1$1001000333641$12001$aDiritto processuale civile 606 0 $aDiritto processuale civile 676 $a347.4505 700 1$aMANDRIOLI,$bCrisanto$0227204 801 0$aIT$bsalbc$gISBD 912 $a990003356840203316 951 $aXXVII.1.B. 260 4$b65199 G.$cXXVII.1.B. 260$d00261420 951 $aXXVII.1.B. 260 4a$b65862 G.$cXXVII.1.B. 260$d00262334 959 $aBK 969 $aGIU 979 $aFIORELLA$b90$c20091210$lUSA01$h0931 979 $aFIORELLA$b90$c20091210$lUSA01$h0934 979 $aFIORELLA$b90$c20091217$lUSA01$h1502 979 $aFIORELLA$b90$c20091217$lUSA01$h1505 979 $aFIORELLA$b90$c20091217$lUSA01$h1506 996 $aEsecuzione forzata, i procedimenti sommari, cautelari e possessori, il nuovo procedimento sommario cognitorio, la giurisdizione volontaria$967060 997 $aUNISA